Assignment in History-8 (Record no. 5111)
[ view plain ]
| 000 -LEADER | |
|---|---|
| fixed length control field | 00217nam a22000857a 4500 |
| 008 - FIXED-LENGTH DATA ELEMENTS--GENERAL INFORMATION | |
| fixed length control field | 161228b xxu||||| |||| 00| 0 eng d |
| 100 ## - MAIN ENTRY--PERSONAL NAME | |
| 9 (RLIN) | 2223 |
| Personal name | Wanchoo.I.L |
| 245 ## - TITLE STATEMENT | |
| Title | Assignment in History-8 |
| 260 ## - PUBLICATION, DISTRIBUTION, ETC. (IMPRINT) | |
| Place of publication, distribution, etc. | New delhi |
| Name of publisher, distributor, etc. | APC |
| Date of publication, distribution, etc. | 2009 |
| Withdrawn status | Lost status | Source of classification or shelving scheme | Damaged status | Koha normalized classification for sorting | Not for loan | Home library | Current library | Shelving location | Date acquired | Total Checkouts | Full call number | Barcode | Date last seen | Price effective from | Koha item type |
|---|---|---|---|---|---|---|---|---|---|---|---|---|---|---|---|
| Dewey Decimal Classification | 954_000000000000000 | Good Samaritan School Library | Good Samaritan School Library | History | 12/28/2016 | 954 | WAN10418 | 12/28/2016 | 12/28/2016 | BOOK |